书目信息 |
| 题名: |
达利生平与作品鉴赏
|
|
| 作者: | 苏德喜 , 紫都 编撰 ;傅新阳 , 岳鑫 图片 | |
| 分册: | ||
| 出版信息: | 呼和浩特 远方出版社 2005 |
|
| 页数: | 233页 | |
| 开本: | 20cm | |
| 丛书名: | 世界绘画摄影大师画传 | |
| 单 册: | ||
| 中图分类: | K835.515.72 | |
| 科图分类: | ||
| 主题词: | ||
| 电子资源: | ||
| ISBN: | 7-80723-012-6 | |
| 000 | 01096nam 2200289 450 | |
| 001 | 0123456251313 | |
| 005 | 20070730112355.12 | |
| 010 | @a7-80723-012-6@dCNY25.00 | |
| 100 | @a20050408d2005 em y0chiy0110 ea | |
| 101 | 0 | @achi |
| 102 | @aCN@b150000 | |
| 105 | @aa z 000yb | |
| 200 | 1 | @a达利生平与作品鉴赏@Ada li sheng ping yu zuo pin jian shang@f编撰紫都, 苏德喜@g图片傅新阳, 岳鑫 |
| 210 | @a呼和浩特@c远方出版社@d2005 | |
| 215 | @a233页@c图@d20cm | |
| 225 | 2 | @a世界绘画摄影大师画传@Ashi jie hui hua she ying da shi hua zhuan |
| 330 | @a本书的内容包括: 独立独行的天才——达利的生平与艺术 ; 达利年表。本书收集的艺术作品有“达利在水中”、“露西亚肖像”、“卡达盖斯农村妇女霍腾西亚肖像”等。 | |
| 410 | 0 | @12001 @a世界绘画摄影大师画传 |
| 600 | 1 | @a达利,@Ada li@bS.,@f1904-1989@x生平事迹 |
| 600 | 1 | @a达利,@Ada li@bS.,@f1904-1989@x美术批评 |
| 690 | @aK835.515.72@v4 | |
| 701 | 0 | @a苏德喜@Asu de xi@4编撰 |
| 701 | 0 | @a紫都@Azi du@4编撰 |
| 702 | 0 | @a傅新阳@Afu xin yang@4图片 |
| 702 | 0 | @a岳鑫@Ayue xin@4图片 |
| 801 | 0 | @aCN@bWHC@c20070730 |
| 905 | @a10447@dK835.515.72@e611 | |
| 达利生平与作品鉴赏/编撰紫都, 苏德喜/图片傅新阳, 岳鑫.-呼和浩特:远方出版社,2005 |
| 233页:图;20cm.-(世界绘画摄影大师画传) |
| ISBN 7-80723-012-6:CNY25.00 |
| 本书的内容包括: 独立独行的天才——达利的生平与艺术 ; 达利年表。本书收集的艺术作品有“达利在水中”、“露西亚肖像”、“卡达盖斯农村妇女霍腾西亚肖像”等。 |
| ● |
| 相关链接 |
|
|
|
|
正题名:达利生平与作品鉴赏
索取号:K835.515.72/611
 
预约/预借
| 序号 | 登录号 | 条形码 | 馆藏地/架位号 | 状态 | 备注 |
| 1 | 0788922 | 207889221 | 第二样本阅览室/ [索取号:K835.515.72/611] | 在馆 | |
| 2 | 0788923 | 207889230 | 第二借阅区/ [索取号:K835.515.72/611] | 在馆 | |
| 3 | 0788924 | 207889249 | 第二借阅区/ [索取号:K835.515.72/611] | 在馆 | |
| 4 | 0788925 | 207889258 | 第二借阅区/ [索取号:K835.515.72/611] | 在馆 | |
| 5 | 0788926 | 207889267 | 第二借阅区/ [索取号:K835.515.72/611] | 在馆 |